000 00223nam a22001097a 4500
041 _aeng
080 _a80
100 _aHalsey, William D.
245 _aColliers Encyclopedia. Vol. 17
650 _aReference
999 _c281242
_d281242
942 _cBK